Equipos de la Segunda División Nacional de Fútbol de Argentina - Estadísticas

Estadísticas generales
  • Esta prueba ha sido intentada 133 veces
    10 desde el último reinicio
  • La puntuación promedio es 33 de 36
Estadísticas de respuestas
Imagen Respuesta % Correcto
All Boys
100%
Almagro
100%
Atlanta
100%
Chacarita
100%
Colegiales
100%
Defensores de Belgrano
100%
Deportivo Madryn
100%
Deportivo Morón
100%
Gimnasia y Esgrima de Jujuy
100%
Gimnasia y Tiro de Salta
100%
Godoy Cruz
100%
Los Andes
100%
Nueva Chicago
100%
Quilmes
100%
San Martín de San Juan
100%
San Miguel
100%
Temperley
100%
Acassuso
89%
Agropecuario
89%
Central Norte
89%
Chaco For Ever
89%
Colón
89%
Deportivo Maipú
89%
Ferro Carril Oeste
89%
Patronato
89%
Racing de Córdoba
89%
San Martín de Tucumán
89%
San Telmo
89%
Almirante Brown
78%
Atlético de Rafaela
78%
Ciudad Bolívar
78%
Estudiantes de Caseros
78%
Ferrocarril Midland
78%
Mitre
67%
Tristán Suárez
67%
Atlético Güemes
56%
No se encontraron pruebas coincidentes
Distribución de puntuación
Porcentaje de gente con cada puntuación
Porcentaje por número respondido
Historial de tus puntuaciones
No has intentado esta prueba desde el último reinicio